000 01444cam a2200361 i 4500
001 42642
003 Mx-PuUPA
005 20250205143451.0
008 140415s2010 mx gr 000 0 spa d
020 _a9786071104120
040 _aMx-PuUPA
_bspa
_cMx-PuUPA
_dMx-PuUPA
_erda
041 0 _aspa
100 1 _aLópez López, Andrés,
_d1971-
_916695
_eautor
245 1 4 _aLas fantásticas :
_blas mujeres de el cartel /
_cAndrés López López y Juan Camillo Ferrand
250 _aPrimera edición /
_bfebrero
264 1 _aMéxico, D. F. :
_bSantillana Ediciones Generales,
_c2010
300 _a477 páginas ;
_c23 cm
336 _2rdacontent
_atexto
_btxt
337 _2rdamedia
_asin medio
_bn
338 _2rdacarrier
_avolumen
_bnc
500 _a"Un viaje al extraordinario mundo de las mujeres de los narcos". -- Cubierta, portada.
545 1 _aReimpresiones: (Cuarta, enero de 2011).
650 7 _913986
_2armarc
_aCrimen organizado
_zColombia
_zValle del Cauca
650 7 _2armarc
_aNarcotráfico
_zColombia
_zValle del Cauca
650 7 _2armarc
_aEsposas
_xEfecto del empleo de marido
650 7 _2armarc
_aMujeres
_zColombia
_zVida social y costumbres
700 1 _aCamillo Ferrand, Juan,
_eautor
942 _2ddc
_cLI
_h364.10609861
_iL86
999 _c42642
_d42642